Public finance

Salvato in:
Dettagli Bibliografici
Autore principale: Bhatia, H. L.
Natura: Libro
Pubblicazione: New Delhi : Vikas Publishing House, c1995
Edizione:18th rev. ed.
Soggetti:
Tags: Aggiungi Tag
Nessun Tag, puoi essere il primo ad aggiungerne!!

MARC

LEADER 00000nam a2200000 4500
020 |a NA  |c TZS 3580/= 
040 |a MUL  |b eng  |e AACR 
082 |a 336 BHA 
100 |a Bhatia, H. L. 
245 |a Public finance  |c / H. L. Bhatia 
250 |a 18th rev. ed. 
260 |a New Delhi :  |b Vikas Publishing House,  |c c1995 
300 |a xii, 703 p. :  |c 21 cm 
504 |a Includes bibliographical references 
650 |a Public budget 
650 |a Taxation  
942 |c BK 
999 |c 9553  |d 9553